header

Empire of nations : (Record no. 28726)

MARC details
000 -LEADER
fixed length control field 02556nam a2200469 i 4500
ISBN 9780801455940 (e-book)
082 04 - DEWEY DECIMAL CLASSIFICATION NUMBER
Classification number 323.147/09/04
100 1# - MAIN ENTRY--AUTHOR NAME
Personal name Hirsch, Francine,
245 10 - TITLE STATEMENT
Title Empire of nations :
300 ## - PHYSICAL DESCRIPTION
Number of Pages 1 online resource (388 pages) :
Other physical details illustrations, maps.
490 1# - SERIES STATEMENT
Series statement Culture & society after socialism
505 0# - FORMATTED CONTENTS NOTE
Formatted contents note Toward a revolutionary alliance -- The national idea versus economic expediency -- The 1926 census and the conceptual conquest of lands and peoples -- Border-making and the formation of Soviet national identities -- Transforming "the peoples of the USSR" : ethnographic exhibits and the evolutionary timeline -- State-sponsored evolutionism and the struggle against German biological determinism -- Ethnographic knowledge and terror.
650 #0 - SUBJECT ADDED ENTRY--TOPICAL TERM
Topical Term Ethnology
Topical Term Minorities
856 40 - ELECTRONIC LOCATION AND ACCESS
Uniform Resource Identifier http://site.ebrary.com/lib/rucke/Doc?id=10967324
264 #1 -
-- Ithaca :
-- Cornell University Press,
-- 2005.
336 ## -
-- text
-- rdacontent
337 ## -
-- computer
-- rdamedia
338 ## -
-- online resource
-- rdacarrier
588 ## -
-- Description based on print version record.

No items available.

© 2026 Rongo University
Contact us: librarian | system librarian | Rongo university